000 01369cam a2200361Li 4500
001 ocn758724134
003 TZ-ArACH
005 20130829115033.0
008 101221s2010 enka f 001 0 eng d
015 _aGBB022301
020 _a9781444109214 (br)
020 _a1444109219 (br)
035 _a(OCoLC)758724134
040 _aZWZ
_bfre
_encafnor
_cTZ-ArACH
049 _aTZAA
050 4 _aKD3930
_b.R93
082 0 4 _a342.41
_222
100 1 _aRyan, Mark.
_eAuteur.
_913327
245 1 0 _aUnlocking constitutional & administrative law
_h[Texte imprimé] /
_cMark Ryan ; with contributions from Steve Foster.
250 _a2nd edition.
260 _aLondon :
_bHodder Education,
_c2010.
300 _a1 vol. (xliv-537 p.) ;
_c27 cm.
490 1 _aUnlocking the law
504 _aNotes bibliogr. Index., ill
650 7 _aDroit constitutionnel
_zGrande-Bretagne.
_913328
650 7 _aDroit administratif
_zGrande-Bretagne.
_913329
650 7 _aConstitutional law
_zGreat Britain.
_913330
650 7 _aAdministrative law
_zGreat Britain.
_913331
700 1 _aFoster, Steve
_d(1955-....).
_eAuteur.
_913332
942 _2lcc
_cBOOK
999 _c2729
_d2729